000 01120cad a22002055a 4500
001 E146597
008 090206e20090206xxk 000 0 eng d
035 _a(Sirsi) u146597
041 0 _aeng
110 2 _aHistoric Scotland
_92914
245 0 0 _aRegeneration boost for historic communities
_h[electronic resource]
260 _c2009
490 _aHistoric Scotland News Release
_v6 February 2009
520 _aThe latest tranche of grants made under Historic Scotland's Conservation Area Regeneration Scheme have been announced. Nine areas will benefit from the funding, which is aimed at regenerating areas which are economically or socially disadvantaged. The areas receiving grant aid are Callander; Cumbernauld Village; Cumnock; Kirkcaldy; Stromness; Kelso; Blair Atholl; Haddington; Paisley.
590 _aKA
651 4 _aScotland
_y1999-
690 _aBUILT ENVIRONMENT-BUILDING TYPES-ANCIENT MONUMENTS AND HISTORIC BUILDINGS
856 4 0 _uhttps://www.historic-scotland.gov.uk/index/news/news_article.htm?articleid=21705
_zView the news release free of charge at www.historic-scotland.gov.uk...
942 _n0
999 _c81195
_d81195